000 00638nam a2200217Ia 4500
005 20220922151246.0
008 131103s9999 xx 000 0 und d
020 _a8173047863
_cRs.800.00
040 _aLoreto College
041 _aEnglish
082 _a954.02
_bIRA
245 _aMedival India 2
_b Essays in medieval Indian history and culture
_cEdited by Shahabuddin Iraqi
260 _aNew Delhi
_bManohar
_c2008
300 _a322p.
504 _aIncludes bibliographical references and index
650 _aHistory of india
651 _aIndian history
700 _aIraqi,Shahabuddin.,ed.
850 _aLCLIB
942 _cBK
999 _c37100
_d87579